Heavy Vehicle mechanics/ (Record no. 597950)

000 -LEADER
fixed length control field 00312nam a2200121Ia 4500
008 - FIXED-LENGTH DATA ELEMENTS--GENERAL INFORMATION
fixed length control field 230907s9999||||xx |||||||||||||| ||und||
082 ## - DEWEY DECIMAL CLASSIFICATION NUMBER
Classification number 629.2874,NIC
100 ## - MAIN ENTRY--PERSONAL NAME
Personal name Nicholson, Dr Ian
9 (RLIN) 115250
245 #0 - TITLE STATEMENT
Title Heavy Vehicle mechanics/
260 ## - PUBLICATION, DISTRIBUTION, ETC.
Place of publication, distribution, etc. McGraw Hill
Name of publisher, distributor, etc. Australia
Date of publication, distribution, etc. 1986
300 ## - PHYSICAL DESCRIPTION
Extent vi,308p.:
942 ## - ADDED ENTRY ELEMENTS (KOHA)
Koha item type Book
Holdings
Withdrawn status Lost status Damaged status Not for loan Permanent Location Current Location Date acquired Total Checkouts Full call number Barcode Date last seen Price effective from Koha item type
        US-Pakistan Center for Advanced Studies in Energy (USPCAS-E) US-Pakistan Center for Advanced Studies in Energy (USPCAS-E) 05/14/2018   629.2874,NIC CAS-E0002049 09/12/2023 09/12/2023 Book
© 2023 Central Library, National University of Sciences and Technology. All Rights Reserved.